000 00601nam a2200181Ia 4500
008 090201s9999 xx 000 0 und d
010 _aKPL-67204
040 _bमराठी
041 _aमराठी
082 _a44160
_b67204
100 _aविश्वास मेहेंदळे
245 _aस्मृती विस्मृती
_cविश्वास मेहेंदळे
250 _a1
260 _c2005
_bसिग्नेट प्रकाशन
300 _a132
_bमोठा
600 _aस्मृती विस्मृती
942 _cBOOK
999 _c241191
_d241191